Top 10 Most Shootout Goals in the NHL - Statistics

General Stats
  • This quiz has been taken 29 times
  • The average score is 5 of 10
Answer Stats
# Goals Team Player % Correct
1 53* CHI Patrick Kane
96%
6 46* PIT Sidney Crosby
91%
2 52 CHI Jonathan Toews
83%
9 43* LAK Anze Kopitar
70%
4 49* WSH T.J. Oshie
61%
10 42 MIN Mikko Koivu
35%
5 47 SJS Joe Pavelski
30%
8 44 MIN Zach Parise
22%
3 49 NYI Frans Nielsen
4%
7 45 PHX Radim Vrbata
4%
No matching quizzes found
Score Distribution
Percent of People with Each Score
Percentile by Number Answered
Your Score History
You have not taken this quiz